Real decreto de 22 de marzo de 1907 sobre concentración parcelaria y memoria sintética explicativa del mismo. (Record no. 52765)
[ view plain ]
| 000 -LEADER | |
|---|---|
| campo de control de longitud fija | 00445nam a2200133 i 4500 |
| 001 - NÚMERO DE CONTROL | |
| campo de control | 52765 |
| 003 - IDENTIFICADOR DE NÚMERO DE CONTROL | |
| campo de control | ES-MaACL |
| 005 - FECHA Y HORA DE LA ÚLTIMA TRANSACCIÓN | |
| campo de control | 20230906162637.0 |
| 007 - CAMPO FIJO DE DESCRIPCIÓN FÍSICA--INFORMACIÓN GENERAL | |
| campo de control de longitud fija | t| |
| 008 - DATOS DE LONGITUD FIJA--INFORMACIÓN GENERAL | |
| campo de control de longitud fija | 030904s1907 sp ||||1| spa d |
| 245 00 - MENCIÓN DEL TÍTULO | |
| Título | Real decreto de 22 de marzo de 1907 sobre concentración parcelaria y memoria sintética explicativa del mismo. |
| 260 ## - PUBLICACIÓN, DISTRIBUCIÓN, ETC. | |
| Lugar de publicación, distribución, etc. | Madrid : |
| Nombre del editor, distribuidor, etc. | [s.n.], |
| Fecha de publicación, distribución, etc. | 1907 ( |
| Fabricante | Imp. de la Suc. de M. Minuesa de los Ríos) |
| 852 ## - LOCALIZACIÓN | |
| Ubicación | ES-MaACL |
| Número de control de estantería | T-1248-F-8 |
| Estatus retirado | Estado de pérdida | Estado de daño | No para préstamo | Colección | Biblioteca de origen | Biblioteca actual | Ubicación en estantería | Fecha de adquisición | Fuente de adquisición | Total de préstamos | Signatura topográfica completa | Código de barras | Visto por última vez | Precio de reemplazo | Tipo de ítem Koha |
|---|---|---|---|---|---|---|---|---|---|---|---|---|---|---|---|
| Colección de folletos | Biblioteca del Ateneo de Madrid | Biblioteca del Ateneo de Madrid | Depósito folletos | 17/01/2008 | T-1248-F-8 | 1055456 | 23/02/2023 | 23/02/2023 | Folleto |
